Tercer Congrés de Mercats Municipals : memòria memòria
Publicado:
Barcelona :
Diputació de Barcelona. Àrea de Comerç. Oficina de Mercats i Fires Locals ,
2009
Descripción Física:
35 p. : fot. col. ; 29 cm
MARC
| LEADER | 00000nam a2200000Ia 4500 | ||
|---|---|---|---|
| 001 | 22354 | ||
| 008 | 160829s2009 xx 000 0 cat d | ||
| 080 | |a FU-55-2 | ||
| 245 | |a Tercer Congrés de Mercats Municipals : |b memòria | ||
| 260 | |a Barcelona: |b Diputació de Barcelona. Àrea de Comerç. Oficina de Mercats i Fires Locals, |c 2009 | ||
| 300 | |a 35 p. : |b fot. col. ; |c 29 cm | ||
| 590 | |a Celebrat l'11 de maig de 2009 a l'Auditori Municipal de Vilafranca del Penedès. | ||
| 590 | |a A la coberta: Resum d'activitats | ||
| 650 | |a Mercats coberts |x Barcelona (Província) |x Congressos |9 47796 | ||
| 710 | 1 | |a Barcelona (Catalunya : Província). |b Oficina de Mercats i Fires Locals |9 53630 | |
| 901 | |a Arxiu | ||
| 942 | |n 1 | ||
| 952 | |0 0 |1 0 |4 0 |6 FU552 |7 1 |9 54118 |a Arxiu |b Arxiu |d 2016-12-01 |l 0 |o FU-55-2 |p 22354 |r 2016-12-01 00:00:00 |w 2016-12-01 |y ARXIU | ||
| 999 | |c 57987 |d 57987 | ||